|
|
|
|
| LEADER |
00000nab a2200000 4500 |
| 001 |
vtls012129948 |
| 003 |
SK-MaSNL |
| 005 |
20260318122055.0 |
| 008 |
220405|2022 xo |||| || ||00 0|hun |
| 015 |
|
|
|a SNBRB2022/03
|
| 040 |
|
|
|a DSZK
|b slo
|c DSZK
|e rda
|
| 041 |
0 |
|
|a hun
|a slo
|
| 043 |
|
|
|a e-xo---
|
| 044 |
|
|
|a xo
|c SK
|
| 072 |
|
7 |
|a 364-1/-7
|x Druhy sociálnej pomoci a služieb
|2 konspekt
|
| 072 |
|
7 |
|a 316.3
|x Globálne spoločnosti. Sociálna štruktúra. Sociálne skupiny
|2 konspekt
|
| 080 |
|
|
|a 364-7
|2 2011
|
| 080 |
|
|
|a 316.346.32-053.9-055.1
|2 2011
|
| 110 |
2 |
|
|a Redakcia Hodos, a mi falunk = Vydrany, naša dedina
|4 aut
|9 1110175
|
| 245 |
0 |
0 |
|a Segítségnyújtás az időseknek
|c [szerző] (-)
|
| 300 |
|
|
|b Fotografie
|
| 336 |
|
|
|a text
|b txt
|2 rdacontent
|
| 337 |
|
|
|a bez média
|b n
|2 rdamedia
|
| 338 |
|
|
|a zväzok
|b nc
|2 rdacarrier
|
| 650 |
0 |
7 |
|a sociálne služby
|2 SNKPH
|9 3721
|
| 650 |
0 |
7 |
|a seniori
|2 SNKPH
|9 117453
|
| 651 |
|
7 |
|a Vydrany (Slovensko)
|2 SNKPHgeo
|9 69676
|
| 773 |
0 |
|
|t Hodos, a mi falunk = Vydrany, naša dedina
|g Évf. XVI, sz. 3 (2022), o. 11
|x 1339-293X
|
| 958 |
|
|
|a SK
|
| 958 |
|
|
|a HU
|
| 958 |
|
|
|a RG
|
| 999 |
|
|
|c 2997123
|d 2999053
|